|
|
|
|
| LEADER |
00000nam0a2200000 4500 |
| 001 |
317455 |
| 005 |
20231102002957.0 |
| 020 |
|
|
|a RU
|b 82-33047
|
| 035 |
|
|
|a (RuTPU)RU\TPU\book\342923
|
| 090 |
|
|
|a 317455
|
| 100 |
|
|
|a 20160408d1981 k y0rusy5003 ca
|
| 101 |
0 |
|
|a rus
|
| 102 |
|
|
|a AZ
|
| 105 |
|
|
|a a z 001zy
|
| 200 |
1 |
|
|a Каталитические превращения органических соединений
|e тематический сборник научных трудов
|
| 210 |
|
|
|a Баку
|c Изд-во Азербайджанского государственного ун-та
|d 1981
|
| 215 |
|
|
|a 98 с.
|c граф.
|
| 320 |
|
|
|a Библиогр. в конце ст.
|
| 606 |
1 |
|
|a Органические соединения
|x Превращения
|2 stltpush
|3 (RuTPU)RU\TPU\subj\32389
|9 54955
|
| 610 |
1 |
|
|a превращения каталитические
|
| 610 |
1 |
|
|a фенолы
|
| 610 |
1 |
|
|a алкилирование
|
| 610 |
1 |
|
|a эфиры
|
| 610 |
1 |
|
|a синтез
|
| 610 |
1 |
|
|a этиленгликоль
|
| 610 |
1 |
|
|a метиловые эфиры
|
| 610 |
1 |
|
|a нафталины
|
| 610 |
1 |
|
|a эпоксидные смолы
|
| 610 |
1 |
|
|a модификация
|
| 610 |
1 |
|
|a хлорангидриды
|
| 610 |
1 |
|
|a этерификация
|
| 610 |
1 |
|
|a ароматические амины
|
| 610 |
1 |
|
|a полиизобутилен
|
| 610 |
1 |
|
|a механодеструкция
|
| 675 |
|
|
|a 661.7
|z rus
|v 3
|
| 702 |
|
1 |
|a Ахмедов
|b Ш. Т.
|4 340
|
| 801 |
|
0 |
|a RU
|b RuMRKP
|c 19950704
|g psbo
|
| 801 |
|
1 |
|a RU
|b 63413507
|c 20160408
|
| 801 |
|
2 |
|a RU
|b 63413507
|c 20191224
|g RCR
|
| 942 |
|
|
|c BK
|